[Event "73rd ARM-chW Highest League 2018"]
[Site "Yerevan"]
[Date "2018.01.16"]
[Round "5"]
[White "Sargsyan, Anna M"]
[Black "Galojan, Lilit"]
[Result "1/2-1/2"]
[WhiteElo "2214"]
[BlackElo "2300"]
[Annotator "TA"]
[PlyCount "93"]
[EventDate "2018.??.??"]
[EventType "tourn"]
[EventCountry "ARM"]
[SourceTitle "playchess.com"]
[Source "ChessBase"]
[SourceQuality "1"]

{[%evp 24,93,-13,-17,0,0,59,68,59,-39,-39,-40,-32,-40,-38,-44,-45,-47,-43,-30,-32,-51,-35,-23,-12,-11,6,2,22,20,28,-19,-11,-28,-3,-8,0,0,25,22,21,20,19,19,19,26,19,20,34,19,26,0,0,0,0,0,0,0,0,0,0,0,0,0,0,0,0,0,0,0,0,0]} 1. d4 Nf6 2. Nf3 e6 3. e3 b6 4. Bd3 Bb7 5. O-O d5 6. c4 Bd6 7. Nc3 O-O 8. cxd5 exd5 9. b3 Nbd7 10. Bb2 a6 11. Rc1 {E14: Queen's Indian: Classical Variation (4 e3)} Qe7 (11... Ne4 12. Rc2 Qe7 13. Qc1 Ndf6 14. Ne2 c5 15. Ng3 Nxg3 16. hxg3 Ne4 17. dxc5 bxc5 18. Bxe4 dxe4 {1-0 (33) Karjakin,S (2785)-Fressinet,L (2672) Doha 2016}) 12. Qc2 Ne4 13. Ne2 {LiveBook: 36 Games} f5 14. Ne5 Bxe5 $146 (14... Rac8 $11) ({Predecessor:} 14... g6 15. Nf4 Rf6 16. Nh3 Bxe5 17. dxe5 Rc6 18. Qe2 Rxc1 19. Rxc1 Nxe5 {1-0 (36) Danner,G (2340)-Walzl,M (2154) Austria 2015}) 15. dxe5 $14 c5 16. f3 ({White should play} 16. f4 $14) 16... Nxe5 $15 17. fxe4 fxe4 18. Bxe4 dxe4 19. Bxe5 Qxe5 20. Nf4 a5 21. Qc4+ Kh8 22. Qe6 Qxe6 23. Nxe6 Rxf1+ (23... Rfc8 {is interesting.} 24. Rfd1 Bc6 25. Rd6 Rab8 26. g4 Kg8) 24. Rxf1 {[%mdl 4096] Endgame KRB-KRN} Kg8 25. Rd1 $1 Bc6 26. Rd6 Rc8 27. a4 h6 28. Kf2 {[#]} c4 $1 {[%mdl 512]} 29. bxc4 Be8 30. Rxb6 Rxc4 31. Rb8 Kf7 32. Nxg7 Kxg7 33. Rxe8 Rxa4 $11 {KR-KR} 34. Kg3 Kf7 35. Re5 Kf6 36. Kf4 (36. Rb5 {is more complex.} Ra1 37. Rb6+ Kg7 38. Re6 a4 39. Rxe4 a3 40. Ra4) 36... Ra2 37. Rxe4 Rxg2 {The position is equal.} 38. Ra4 Rg5 39. e4 Rh5 40. Ra2 Ke6 41. Rb2 Rh4+ 42. Kg3 Rxe4 {[#] And now ...Rb4 would win.} 43. Rb6+ Kf5 44. Rxh6 Re3+ 45. Kf2 Ra3 46. Ke2 a4 47. Kd2 {Precision: White = 68%, Black = 57%.} 1/2-1/2

[Event "73rd ARM-chW Highest League 2018"]
[Site "Yerevan"]
[Date "2018.01.16"]
[Round "5"]
[White "Gaboyan, Susanna"]
[Black "Asatryan, Sona"]
[Result "1/2-1/2"]
[WhiteElo "2168"]
[BlackElo "2111"]
[Annotator "TA"]
[PlyCount "135"]
[EventDate "2018.??.??"]
[EventType "tourn"]
[EventCountry "ARM"]
[SourceTitle "playchess.com"]
[Source "ChessBase"]
[SourceQuality "1"]

{[%evp 15,135,0,0,17,62,66,64,39,77,7,52,0,0,0,0,0,0,-2,0,0,8,6,10,0,12,0,0,0,36,50,41,0,0,-10,75,87,72,70,89,29,28,12,22,0,2,0,0,0,53,-12,0,-16,0,0,0,0,0,0,0,0,0,0,0,0,0,0,-3,-8,-8,-65,-57,-46,-39,-93,-93,-93,-93,-93,-93,-78,-81,-86,-33,-145,-58,-55,-83,-181,-11,-12,-12,-12,-12,-12,-12,-24,-24,-24,-24,-26,-24,-24,-24,-24,-12,-12,-12,-12,-12,-12,-12,-29,-12,-12,-12,-12,-12,-12,-12,-12,-12,-14]} 1. d4 Nf6 2. c4 e6 3. g3 d5 4. Bg2 dxc4 5. Qa4+ Bd7 6. Qxc4 c5 7. dxc5 Bc6 8. Nf3 Nbd7 9. Be3 {E04: Open Catalan: 5 Nf3} Ne4 $146 {[%cal Rf8c5]} 10. Nc3 Nexc5 11. b4 {White is slightly better.} Nb6 12. Qg4 (12. Qf4 $16 {aiming for Ne5.} Ncd7 13. O-O) 12... h5 13. Qd4 (13. Qf4 $14 Ncd7 14. O-O) 13... Qxd4 $11 14. Bxd4 Nca4 15. a3 Nxc3 16. Bxc3 Rc8 17. Bd4 f6 18. O-O Kf7 19. Rfc1 Be7 20. Rc3 Nd5 21. Rc2 e5 22. Bxa7 Ra8 23. e4 (23. b5 $5 {[%cal Rb5c6]} Rxa7 24. bxc6 $11) 23... Nc7 24. Bc5 Na6 (24... Bxc5 $11 {keeps the balance.} 25. Rxc5 Rhd8) 25. Bxe7 $16 Kxe7 26. Nh4 Rhd8 27. Rb2 (27. Re1 $16) 27... Nc7 $11 28. Rb3 Rd2 29. Nf5+ Kf8 30. Ne3 Nb5 31. a4 Nd6 (31... Nd4 $11 32. Rba3 Ne2+ 33. Kh1 Nd4) 32. b5 ({White should play} 32. a5 $14) 32... Bxb5 33. Rb4 Rd4 (33... Bc6 {with more complications.} 34. a5 Nb5 35. Nd5 Nd4 36. Rbb1 Kf7) 34. Rxd4 exd4 35. Nc2 Rxa4 36. Rxa4 Bxa4 37. Nxd4 {[%mdl 4096] Endgame KBN-KBN} b5 {Hoping for ...b4.} 38. Nc6 Nc4 39. Kf1 Ke8 40. Ke2 Kd7 41. Nb4 $1 Kd6 42. f4 (42. Kd3 $11) 42... Kc5 $1 $15 {[%cal Rc5b4]} 43. Na6+ Kd4 44. Bf3 (44. Nb4 $1 $15) 44... Bc2 $17 45. e5 Bd3+ 46. Kf2 fxe5 47. fxe5 Nxe5 48. Bxh5 Bf5 (48... Be4 $17 {Strongly threatening ...Nd3+.} 49. Be2 Nd3+ 50. Bxd3 Bxd3) 49. h4 (49. Be8 $1 $15) 49... Bc8 ({Black should try} 49... Nd3+ $17 50. Ke2 b4) 50. Nb4 $15 Kc4 51. Nc2 {[#]} (51. Na2 $17) 51... b4 $2 (51... Kc3 $1 $19 {[%cal Rc3c2]} 52. Na3 b4 53. Nb5+ Kd2) 52. Nxb4 Kxb4 53. Ke3 Kc5 54. Kf4 Kd6 55. Be2 Nc6 {And now ...Nd4 would win.} 56. Kg5 Ke7 57. h5 $1 Ne5 {Threatens to win with ...Nf7+.} 58. h6 $1 Nf7+ 59. Kg6 $1 gxh6 {[#] White must now prevent ...Kf8.} 60. Kg7 Be6 61. Bh5 Ng5 62. Kxh6 Kf6 63. Be8 Bg4 64. Bh5 {The position is equal.} Bd7 65. Bg6 Nf3 66. Kh5 Ne5 67. Bc2 Bg4+ 68. Kh4 {Precision: White = 46%, Black = 58%.} 1/2-1/2

[Event "73rd ARM-chW Highest League 2018"]
[Site "Yerevan"]
[Date "2018.01.16"]
[Round "5"]
[White "Ghukasyan, Siranush"]
[Black "Gevorgyan, Maria"]
[Result "1-0"]
[WhiteElo "2166"]
[BlackElo "2258"]
[Annotator "TA"]
[PlyCount "129"]
[EventDate "2018.??.??"]
[EventType "tourn"]
[EventCountry "ARM"]
[SourceTitle "playchess.com"]
[Source "ChessBase"]
[SourceQuality "1"]

{[%evp 38,129,23,24,28,25,45,31,40,38,30,29,51,21,28,26,39,41,43,22,35,38,20,23,133,22,50,46,36,0,0,0,0,0,59,-34,-39,-46,0,-45,211,204,306,310,328,251,265,267,334,262,252,268,253,243,600,577,788,630,627,628,613,605,570,579,1041,1362,1036,1011,903,932,1134,1011,29970,29971,29968,29972,29972,29973,29973,29974,29974,29975,29975,29976,29976,29977,29977,29979,29977,29979,29979,29979,29974,29975]} 1. e4 c5 2. Nf3 e6 3. d4 cxd4 4. Nxd4 a6 5. c4 Nf6 6. Nc3 Qc7 7. Be2 b6 8. O-O Bb7 9. f3 d6 10. Be3 Be7 11. Rc1 Nbd7 12. b4 Rc8 13. Nb3 Qb8 14. Qd2 O-O 15. a3 Bd8 16. Rfd1 Bc7 {A31: Englische Eröffnung (Symmetrische Variante)} 17. Bf4 Ne5 18. Bxe5 dxe5 19. Qe3 (19. c5 Qa7 20. Kh1 Rcd8 21. Qe3 b5 22. Rxd8 Rxd8 23. Bxb5 axb5 24. Nxb5 {1-0 (47) Firouzja,A (2456)-Quparadze,G (2481) Doha 2016}) 19... Rfd8 20. Kh1 {LiveBook: 3 Partien} h6 21. c5 b5 $146 ({Vorgänger:} 21... bxc5 22. Nxc5 a5 23. bxa5 Rxd1+ 24. Nxd1 Bd6 25. Nxb7 Rxc1 26. Qxc1 Qxb7 27. a6 Qa7 28. Qc6 Bxa3 29. Qa4 Bd6 30. g3 Bb8 31. Kg2 {½-½ (31) Gledura,B (2230)-Karthikeyan,M (2154) Caldas Novas 2011}) 22. Qg1 Bc6 23. Qf1 Nh5 24. Qf2 f5 25. Rxd8+ Rxd8 26. Rd1 Rf8 27. Qe3 Nf4 28. Bf1 Qa8 29. Na5 Bxa5 30. bxa5 Qb7 (30... fxe4 $11 31. Nxe4 Nd5) 31. Kg1 (31. exf5 $16 Rxf5 32. Rd8+ Kf7 33. Qd2) 31... Qc7 32. Rd6 fxe4 33. fxe4 Qf7 {( -> ...Sh3+!)} 34. Qe1 (34. Rxc6 $2 Nh3+ $1 {[%mdl 512]} 35. Kh1 Qxf1+ 36. Qg1 Qxg1#) 34... Bb7 35. g3 Ng6 (35... Qc7 $1 $11 36. Qe3 Nh5) 36. Bg2 ({Besser ist} 36. Bh3 $14 Bc8 37. Rc6) 36... Qc7 $15 37. Qe3 $1 Ne7 {Droht ...Sc6 und aus.} 38. Rxe6 {Schwarz muss nun Sd5 beachten.} (38. Bh3 $5 {[%cal Rh3e6]} Rf3 39. Bxe6+ Kh7 40. Nd5 (40. Qxf3 Qxc5+ 41. Kg2 Qxd6 $11) 40... Nxd5 41. Qxf3 Qxc5+ 42. Kh1 Qxd6 43. Bxd5 Bxd5 44. exd5 $11) 38... Bc8 $2 {[%mdl 8192] [#]} (38... Nc6 $1 $15) 39. Rb6 $1 $18 Kh7 (39... Re8 $142 40. Nd5 Nxd5 41. exd5 Qf7) 40. Nd5 Qd8 41. h3 Qe8 42. Rd6 Qf7 43. Nb4 Qh5 44. Kh2 ({Weniger gut wäre} 44. Nxa6 Bxh3 45. Nb4 Bxg2 $14) 44... Ng8 {Schwarz hofft, mit ...Sf6 fortzusetzen.} 45. Nd5 (45. Nxa6 Nf6 $11) 45... Kh8 $2 (45... Nf6 46. Nxf6+ Rxf6 47. Rxf6 gxf6) 46. c6 Qd1 47. c7 Rf7 48. Rd8 Rxc7 {[#]} 49. Rxg8+ $1 {[%mdl 512]} Kxg8 50. Nxc7 Bxh3 51. Bxh3 Qc2+ 52. Bg2 Qxc7 53. Qb6 Qc8 54. Qd6 Qe8 55. Bh3 {Weiß setzt Matt.} Qh5 56. Qe6+ Kf8 57. Qf5+ Qxf5 58. Bxf5 {[%mdl 4096] Endspiel KL-KB} Ke7 59. Bc8 Kd6 60. Bxa6 Kc6 61. Kh3 g6 62. Kg4 Kc5 63. Bb7 Kd6 64. Bd5 Kc7 65. Bf7 {Precision: Weiß = 62%, Schwarz = 37%.} 1-0

[Event "73rd ARM-chW Highest League 2018"]
[Site "Yerevan"]
[Date "2018.01.16"]
[Round "5"]
[White "Mkrtchyan, Mariam"]
[Black "Kursova, Maria"]
[Result "1/2-1/2"]
[WhiteElo "1834"]
[BlackElo "2249"]
[Annotator "TA"]
[PlyCount "46"]
[EventDate "2018.??.??"]
[EventType "tourn"]
[EventCountry "ARM"]
[SourceTitle "playchess.com"]
[Source "ChessBase"]
[SourceQuality "1"]

{[%evp 21,46,0,0,-2,0,-31,-5,0,13,-6,-2,-8,-8,-15,0,0,47,34,112,87,169,85,96,85,97,70,143]} 1. d4 Nf6 2. Nf3 e6 3. c4 b6 4. g3 Bb7 5. Bg2 Bb4+ 6. Bd2 Be7 7. O-O O-O 8. Nc3 c6 9. e4 {[%cal Be2e4,Be4e5][%mdl 32] E16: Queen's Indian: 4 g3 Bb7 5 Bg2 Bb4+} (9. Rc1 d5 10. Bf4 dxc4 11. Ne5 Nd5 12. Nxc4 Nxf4 13. gxf4 Nd7 14. e3 Qc7 15. Qe2 Rad8 16. Rfd1 c5 {1-0 (52) Short,N (2688)-Agdestein,S (2604) Helsingor 2017}) 9... d5 10. e5 Ne4 11. cxd5 cxd5 {LiveBook: 20 Games} 12. Rc1 Nc6 $146 ({Predecessor:} 12... Nxc3 13. Bxc3 Qd7 14. Qd2 Ba6 15. Rfd1 Nc6 16. Bf1 Bxf1 17. Rxf1 {½-½ (17) Jocys,D (2190)-Uogele,A (2260) Vilnius 1996}) 13. Be3 Nxc3 14. Rxc3 Rc8 15. Qb1 Ba6 16. Rfc1 Qd7 17. a3 h6 18. g4 Na5 19. g5 $1 h5 (19... Rxc3 $14 20. Rxc3 hxg5) 20. g6 $16 Rxc3 (20... f5 $16) 21. gxf7+ (21. Rxc3 $18 Nc4 22. Ng5 Bxg5 23. Bxg5) 21... Rxf7 22. Rxc3 Be2 23. Ng5 Rf5 (23... Bxg5 $1 $14 24. Bxg5 Qa4) 1/2-1/2

[Event "73rd ARM-chW Highest League 2018"]
[Site "Yerevan"]
[Date "2018.01.16"]
[Round "5"]
[White "Arakelyan, Nare"]
[Black "Khachatryan, Anna"]
[Result "1-0"]
[WhiteElo "1747"]
[BlackElo "2004"]
[Annotator "NA RC"]
[PlyCount "83"]
[EventDate "2018.??.??"]
[EventType "tourn"]
[EventCountry "ARM"]
[SourceTitle "playchess.com"]
[Source "ChessBase"]
[SourceQuality "1"]
[TimeControl "40/5400+30:1800+30"]

{[%evp 8,83,37,21,29,31,33,27,32767,32767,32767,32767,32767,32767,32767,32767,32767,32767,32767,32767,20,-24,-5,-48,32767,-60,34,32767,32767,32767,32767,32767,32767,6,32767,32767,32767,75,32767,32767,88,47,45,0,72,76,32767,32767,32767,54,32767,62,32767,143,299,309,32767,32767,419,32767,684,32767,32767,0,341,403,512,32767,32767,529,32767,32767,32767,32767,32767,32767,29998,29999]} 1. e4 {[%emt 0:00:00]} c5 {[%emt 0:00:12]} 2. Nf3 {[%emt 0:00:00]} Nc6 {[%emt 0:00:06]} 3. Bb5 {[%emt 0:00:00]} g6 {[%emt 0:00:39]} 4. Bxc6 {[%emt 0:00:00]} dxc6 {[%emt 0:00:05]} 5. d3 {[%emt 0:00:03]} Bg7 {[%emt 0:00:06]} 6. h3 {[%emt 0:00:11] LiveBook: 2092 Games} b6 {[%emt 0:00:05]} 7. O-O {[%emt 0:00:50]} e5 {[%emt 0:00:32]} 8. Be3 {[%emt 0:01:19]} Ne7 {[%emt 0:01:11]} 9. a4 {[%emt 0:01:08]} a5 {[%emt 0:00:08]} 10. Qd2 {[%emt 0:01:57] B31: Sicilian: 2...Nc6 3 Bb5 g6} (10. Nbd2 f6 11. Nc4 Be6 12. b4 axb4 13. a5 bxa5 14. Bxc5 O-O 15. Nfd2 Bh6 16. Nb6 Ra6 17. Ndc4 Rf7 18. Rxa5 Rxa5 19. Nxa5 {½-½ (57) Hujbert,F (2419)-Horvath,J (2532) Hungary 2013}) 10... h6 {[%emt 0:00:29]} 11. Na3 {[%emt 0:00:54]} Be6 {[%emt 0:09:15]} 12. b3 $146 {[%emt 0:01:07]} ({Predecessor:} 12. Rfe1 Qc7 13. c3 Rd8 14. Qc2 O-O 15. Rad1 Rd7 16. d4 cxd4 17. cxd4 exd4 18. Nxd4 Bxd4 19. Rxd4 Rxd4 20. Bxd4 {1-0 (39) Khatanbaatar,B (2403)-Lkhagva,J (2213) Ulaanbaatar 2009}) 12... Qc7 {[%emt 0:12:04]} 13. Nc4 {[%emt 0:01:37]} g5 {[%emt 0:04:42]} 14. Qc3 {[%emt 0:06:48]} Ng6 {[%emt 0:05:12]} 15. Rfe1 {[%emt 0:03:59]} O-O {[%emt 0:05:44]} 16. Nh2 {[%emt 0:11:33]} Rfe8 {[%emt 0:09:08]} (16... f5 $15) 17. Rab1 {[%emt 0:11:46]} Rab8 {[%emt 0:02:25]} 18. Nf1 {[%emt 0:03:34]} Qd7 {[%emt 0:05:10]} 19. Bc1 {[%emt 0:06:07]} Nf4 {[%emt 0:17:52]} 20. Nce3 {[%emt 0:03:26]} Ng6 {[%emt 0:09:25]} 21. Qd2 {[%emt 0:04:39]} Nh4 {[%emt 0:04:10]} 22. Qe2 {[%emt 0:01:45]} Kh7 {[%emt 0:03:18]} 23. g4 {[%emt 0:06:35]} h5 {[%emt 0:05:13]} 24. Ng3 {[%emt 0:01:33]} hxg4 {[%emt 0:00:30]} 25. hxg4 {[%emt 0:01:28]} Rh8 {[%emt 0:02:47]} 26. Nef5 {[%emt 0:01:13]} Bxf5 {[%emt 0:02:13]} 27. gxf5 {[%emt 0:00:06]} f6 {[%emt 0:00:30]} 28. Be3 {[%emt 0:03:36]} Kg8 29. Red1 {[%emt 0:03:51]} Kf7 {[%emt 0:00:44]} 30. c3 {[%emt 0:01:13]} Rbe8 {[%emt 0:00:44]} (30... Qc7 $16 {was called for.} 31. d4 cxd4 32. cxd4 exd4 33. Bxd4 Kg8) 31. d4 {[%emt 0:02:40]} cxd4 {[%emt 0:00:05]} 32. cxd4 {[%emt 0:00:11]} exd4 {[%emt 0:00:15]} 33. Rxd4 {[%emt 0:00:48]} Qc7 $1 $11 {[%emt 0:01:15] and Black is okay.} (33... Qe7 $142 34. Rbd1 Kf8) 34. Qc4+ {[%emt 0:00:27]} Kf8 {[%emt 0:00:07]} 35. Qe2 {[%emt 0:02:28]} (35. Rdd1 $14) 35... Kg8 $2 {[%emt 0:00:22]} 36. Rbd1 {[%emt 0:01:04]} Re7 {[%emt 0:00:27]} 37. Rd8+ {[%emt 0:00:52]} Bf8 {[%emt 0:00:01]} 38. Nh5 {[%emt 0:02:51]} Rf7 39. R1d7 {[%emt 0:01:58]} Qe5 {[%emt 0:01:18]} 40. Rxf7 {[%emt 0:00:00]} Kxf7 {[%emt 0:00:37]} 41. Bd4 {[%emt 0:02:20]} Qc7 {[%emt 0:01:53]} 42. Qc4+ {[%emt 0:00:16]} 1-0

[Event "73rd ARM-chW Highest League 2018"]
[Site "Yerevan"]
[Date "2018.01.17"]
[Round "6"]
[White "Gevorgyan, Maria"]
[Black "Gaboyan, Susanna"]
[Result "1/2-1/2"]
[WhiteElo "2258"]
[BlackElo "2168"]
[Annotator "TA"]
[PlyCount "137"]
[EventDate "2018.??.??"]
[EventType "tourn"]
[EventCountry "ARM"]
[SourceTitle "playchess.com"]
[Source "ChessBase"]
[SourceQuality "1"]

{[%evp 9,137,35,97,54,45,22,31,18,26,20,59,6,0,-49,-14,-42,-25,-43,0,0,11,0,0,0,7,7,7,0,0,0,0,0,0,0,0,0,0,0,0,0,10,0,102,117,104,112,106,114,152,151,139,126,160,135,282,284,288,268,316,261,302,275,372,360,373,360,421,396,368,159,156,160,157,139,165,179,335,144,305,244,252,5,6,6,6,9,15,10,10,0,0,0,0,0,0,0,10,0,0,0,10,12,12849,0,0,0,0,0,12851,12851,12851,12851,12851,12851,12851,12851,12851,12851,12851,12851,12851,12851,12851,12851,12851,0,0,0,0,0]} 1. e4 e5 2. Nf3 Nc6 3. Nc3 d6 4. d4 exd4 5. Nxd4 g6 {LiveBook: 16 Games} (5... Nf6 $14) 6. Nxc6 {C46: 3 Nc3: Unusual Black 3rd moves} bxc6 7. Qd4 Nf6 $146 ({Predecessor:} 7... Qf6 8. Be3 Bg7 9. O-O-O Qxd4 10. Bxd4 Bxd4 11. Rxd4 Ne7 12. Bc4 Be6 13. Bxe6 fxe6 {1-0 (48) Salgado Lopez,I (2616)-Matnadze,A (2368) Madrid 2015}) 8. e5 {White is slightly better.} Qe7 9. Bg5 dxe5 10. Qh4 (10. Qa4 $14 Bd7 11. O-O-O) 10... Bg7 $11 11. Qc4 Qe6 12. Qc5 Qd6 13. Qa5 Bf5 14. Rd1 Qe7 15. Qa4 O-O 16. Qxc6 Qe6 $132 {[%mdl 2048] Black is fighting back} 17. Qxe6 Bxe6 18. Bd3 h6 19. Be3 c6 20. Bc5 Rfd8 21. O-O Nd5 22. Na4 Nb6 23. Nc3 f5 24. f3 Nc4 25. Na4 Nb6 (25... e4 $11 26. fxe4 fxe4 27. Bxe4 Nd2 28. Bxg6 Nxf1 29. Rxf1 Rd5) 26. Bxb6 $16 axb6 27. Nxb6 Rab8 28. Bc4 Kf7 29. Bxe6+ Kxe6 30. Nc4 e4 31. c3 Rd5 (31... exf3 $16 32. Rfe1+ (32. gxf3 Rd5 $16) 32... Kf6) 32. fxe4 $18 fxe4 33. Rde1 Rc5 34. b3 Kd5 35. Re3 Rxc4 36. bxc4+ Kxc4 37. Rxe4+ Kxc3 {[%mdl 4096] Endgame KRR-KRB} 38. Rf3+ Kd2 39. Rf7 (39. Kf1 $18 {and White stays clearly on top.}) 39... Kd3 $16 40. Re6 ({Not} 40. Rxg7 Kxe4 41. Rxg6 c5 $11) 40... Bd4+ 41. Kf1 {Rf3+ is the strong threat.} c5 42. Rf3+ Kd2 $2 (42... Kc4 43. Ra3 g5 44. Rxh6 g4) 43. g4 (43. Re2+ $18 Kc1 44. a4) 43... Rd8 $2 (43... Rb1+ $16 44. Kg2 Re1 45. Rxe1 (45. Rxg6 Re2+ 46. Kh3 Be5 $14) 45... Kxe1) 44. Rxg6 c4 {[#]} 45. Rxh6 $2 (45. Re6 $1 $18) 45... c3 $11 46. Re6 {Hoping for Re2+.} c2 47. Re2+ Kc1 48. Kg2 Kd1 49. Re6 c1=Q {( -> ...Qb2+)} 50. Rf1+ Kd2 51. Rxc1 Kxc1 {KRB-KR} 52. h4 Kd2 53. Kg3 Ra8 54. g5 {[%cal Bg4g5,Bg5g6][%mdl 32]} Rxa2 55. h5 {Threatens to win with h6.} Be3 $2 {[%mdl 8192]} (55... Ra1 $11) 56. Rxe3 $2 (56. Kf3 $18 Ra3 57. Rd6+ Kc2 58. Kg4) 56... Kxe3 $18 {KR-KPP} 57. h6 {Black must now prevent h7.} Ra7 $2 {[%mdl 8192]} (57... Ra5 $11) 58. Kg4 Ke4 $2 {[%mdl 8192]} (58... Ra4+ $11 59. Kh5 Ra1) 59. g6 Ra1 60. h7 Rg1+ 61. Kh3 Kf3 {[#]} 62. Kh2 $1 {[%cal Rh2g1]} Rg2+ 63. Kh1 Rxg6 64. h8=Q Rg4 65. Qf6+ Kg3 66. Qc3+ Kf2 67. Kh2 $2 (67. Qh3 $18 Rf4 68. Kh2) 67... Rh4+ $11 68. Qh3 Rxh3+ 69. Kxh3 {Precision: White = 38%, Black = 39%.} 1/2-1/2

[Event "73rd ARM-chW Highest League 2018"]
[Site "Yerevan"]
[Date "2018.01.17"]
[Round "6"]
[White "Kursova, Maria"]
[Black "Ghukasyan, Siranush"]
[Result "1/2-1/2"]
[WhiteElo "2249"]
[BlackElo "2166"]
[Annotator "TA"]
[PlyCount "142"]
[EventDate "2018.??.??"]
[EventType "tourn"]
[EventCountry "ARM"]
[SourceTitle "playchess.com"]
[Source "ChessBase"]
[SourceQuality "1"]

{[%evp 22,142,0,0,36,40,72,37,113,52,59,62,63,57,66,60,65,50,63,63,61,64,78,64,81,65,70,70,70,68,67,63,77,80,80,78,87,87,87,87,75,51,35,6,7,16,12,8,15,3,49,18,18,18,18,18,18,18,95,30,125,102,109,106,124,29,29,29,29,29,29,29,29,29,29,18,18,18,18,18,18,17,18,17,17,17,17,17,17,17,17,17,18,18,18,0,18,18,18,0,0,0,0,0,0,0,0,0,0,0,0,0,0,0,0,0,0,0,0,0,0,0,0]} 1. d4 d5 2. Nf3 Nf6 3. c4 e6 4. Nc3 c6 5. Bg5 h6 6. Bxf6 Qxf6 7. e3 g6 8. Bd3 {D43: Semi-Slav: 5 Bg5 h6} (8. Be2 Bg7 9. O-O O-O 10. e4 dxc4 11. Bxc4 Qd8 12. e5 c5 13. dxc5 Nd7 14. Qe2 Nxc5 15. Rfd1 Qe7 {1-0 (75) Lenic,L (2650)-Giri,A (2762) Heraklio 2017}) 8... Bg7 9. O-O O-O 10. Qe2 Nd7 11. Rac1 Qe7 12. Rfd1 {LiveBook: 3 Games} f5 13. Qc2 $146 ({Predecessor:} 13. a3 a6 14. Bb1 Kh8 15. Ba2 Rb8 16. Nb1 dxc4 17. Qxc4 e5 18. Qe6 Qxe6 19. Bxe6 exd4 20. exd4 {½-½ (46) Leitao,R (2633)-Macedo,M (2316) Rio de Janeiro 2016}) 13... Kh8 14. Ne2 Qf7 ({Black should play} 14... e5 $14) 15. b4 (15. cxd5 $16 exd5 16. h4) 15... e5 $14 16. dxe5 Nxe5 17. Nxe5 Bxe5 18. cxd5 cxd5 19. Qd2 Be6 20. Bc2 Rad8 21. Bb3 Qe7 22. Nf4 Bxf4 23. Qd4+ Qf6 24. Qxf4 g5 25. Qd4 Qxd4 26. Rxd4 Kg7 27. Rcd1 Kf6 28. Bxd5 Bxd5 29. Rxd5 Rxd5 30. Rxd5 $16 {[%mdl 4096] Endgame KR-KR} Ke6 31. Rd2 Rc8 {[#] ( -> ...Rc1+)} 32. f3 (32. g3 {keeps more tension.} Rc4 33. a3 Rc3 34. a4 Rc4 35. Rb2) 32... Rc4 33. Rb2 Ke5 34. Kf2 h5 35. h3 g4 36. hxg4 hxg4 37. Kg3 gxf3 38. gxf3 b5 39. Rb3 Rc6 {[#]} (39... a6 $11) 40. Rd3 (40. Ra3 $1 $16) 40... Ra6 (40... a6 $11 {keeps the balance.}) 41. a3 Rg6+ 42. Kf2 Rc6 43. f4+ (43. Rd7 $16) 43... Ke6 $11 44. Kf3 Rc4 45. Rd8 {Black must now prevent Rb8.} Rc3 46. Rb8 Rxa3 47. Rxb5 {Hoping for Re5+.} Rb3 48. Re5+ Kf6 {The position is equal.} 49. b5 a6 50. bxa6 Ra3 51. Ke2 (51. Rd5 {is interesting.} Rxa6 52. Ke2 Ra2+ 53. Rd2 Ra3 54. Rd6+) 51... Rxa6 52. Kd3 Rd6+ 53. Kc4 Rd8 54. Rd5 Re8 55. Rd6+ Kf7 56. Kd3 Re4 57. Rd7+ Kf6 58. Rd6+ Kf7 59. Rd4 Re6 60. e4 Rxe4 61. Rxe4 fxe4+ 62. Kxe4 {Kf5 would kill now. KP-K} Ke6 63. f5+ Kf6 64. Kf4 Kf7 65. Ke5 Ke7 66. f6+ Kf7 67. Kf5 Kf8 68. Ke5 Kf7 69. Kf5 Kf8 70. Kg6 {White wants to mate with f7.} Kg8 71. f7+ Kf8 {Precision: White = 59%, Black = 63%.} 1/2-1/2

[Event "73rd ARM-chW Highest League 2018"]
[Site "Yerevan"]
[Date "2018.01.17"]
[Round "6"]
[White "Asatryan, Sona"]
[Black "Sargsyan, Anna M."]
[Result "1/2-1/2"]
[WhiteElo "2111"]
[BlackElo "2214"]
[Annotator "NA RC"]
[PlyCount "102"]
[EventDate "2018.??.??"]
[EventType "tourn"]
[EventCountry "ARM"]
[SourceTitle "playchess.com"]
[Source "ChessBase"]
[SourceQuality "1"]
[TimeControl "40/5400+30:1800+30"]

{[%evp 13,96,-12,6,0,22,32767,32767,32767,32767,0,20,9,32767,14,23,16,23,32767,63,32767,32767,32767,0,32767,32767,11,6,15,43,32767,32767,32767,39,32767,46,18,32767,-8,0,-6,18,19,49,53,38,10,10,0,0,-8,5,4,32767,32767,32767,32767,32767,32767,32767,32767,32767,32767,32767,32767,32767,32767,32767,32767,32767,32767,32767,32767,32767,8,0,22,32767,8,32767,8,8,6,8,0,8]} 1. e4 e5 2. Nf3 Nf6 3. Nc3 Nc6 4. d4 exd4 5. Nxd4 Bb4 6. Nxc6 bxc6 7. Bd3 d5 8. exd5 O-O 9. O-O cxd5 10. Bg5 c6 11. Qf3 {LiveBook: 1108 Games} ({Much worse is} 11. Bxf6 Qxf6 12. Ne2 Bd6 $17) 11... a5 {C47: Scotch Four Knights and Four Knights with 4 g3} 12. Ne2 h6 13. Bxf6 Qxf6 14. Qxf6 gxf6 {[#]} 15. Nd4 $146 ({Find the theoretical novelty and annotate with similar games:} 15. Ng3 Re8 16. Nh5 Be7 17. Rae1 Be6 18. Re3 Rab8 19. b3 Kf8 20. h3 c5 21. Rf3 c4 22. Bf5 {½-½ (73) Ni,H (2710)-Naiditsch,A (2678) Beijing 2008}) 15... c5 16. Nb5 Rb8 17. c4 Rd8 18. Rfd1 Bg4 19. f3 dxc4 20. Bxc4 Bf5 21. Nd6 Bc2 22. Rd5 a4 23. Rc1 Bg6 24. g4 Kf8 25. Rcd1 Ba5 26. Nb5 Bc2 27. Rxd8+ $1 Rxd8 28. Rxd8+ Bxd8 29. Kf2 f5 $1 30. Nd6 fxg4 31. Nxf7 Bc7 32. Nxh6 gxf3 33. Kxf3 Kg7 34. Ng4 Kg6 35. Ne3 Bb1 36. Nd5 Bxh2 37. Nc3 Bc2 38. Ke3 a3 39. bxa3 Kf6 40. Bd3 Bg1+ 41. Ke4 Bxd3+ 42. Kxd3 Ke6 43. a4 ({White should play} 43. Kc4 $16) 43... Kd6 44. Kc4 Kc6 45. Nd5 Bf2 46. Nf4 Kb6 47. Nd3 Bd4 48. a5+ Kxa5 $11 49. Nxc5 Bxc5 50. Kxc5 Ka4 51. a3 Kxa3 1/2-1/2